Guess the Taylor Swift Song (no hints) 164 - Statistics

General Stats
  • This quiz has been taken 62 times
  • The average score is 405 of 455
Answer Stats
Answer % Correct
a
100%
all
100%
go
100%
I
100%
it
100%
it?
100%
me
100%
me?
100%
the
100%
The
100%
you
100%
You
100%
And
97%
but
97%
But
97%
but,
97%
do
97%
don't
97%
if
97%
If
97%
is
97%
Is
97%
it's
97%
It's
97%
love
97%
my
97%
on
97%
she
97%
She
97%
to
97%
When
97%
when
97%
why
97%
your
97%
Your
97%
be
93%
ever
93%
her
93%
I'm
93%
In
93%
in,
93%
in
93%
like
93%
Like
93%
of
93%
So,
93%
that
93%
think
93%
what
93%
where
93%
at
90%
can
90%
can't
90%
did
90%
for
90%
him
90%
just
90%
Just
90%
know
90%
only
90%
tell
90%
thing
90%
thing?
90%
this
90%
time
90%
time,
90%
up
90%
was
90%
Will
90%
Would
90%
would
90%
'cause
87%
have
87%
make
87%
one
87%
told
87%
want
87%
went
87%
About
83%
about
83%
Betty,
83%
couldn't
83%
from
83%
fuck
83%
home
83%
kiss
83%
myself
83%
now
83%
Or
83%
summer
83%
true
83%
with
83%
anything
80%
believe
80%
garden?
80%
garden
80%
heard
80%
house
80%
miss
80%
Most
80%
party
80%
said
80%
saw
80%
says
80%
see
80%
seventeen
80%
showed
80%
song
80%
times,
80%
won't
80%
word
80%
worst
80%
again
77%
breathe
77%
face
77%
favorite
77%
friends?
77%
get
77%
hate
77%
Inez
77%
lead
77%
long
77%
nights
77%
out
77%
passed
77%
riding
77%
right
77%
rumors
77%
walking
77%
wrong
77%
assumptions
73%
car
73%
cardigan
73%
dance
73%
doorstep
73%
dream
73%
drive"
73%
here
73%
homeroom,
73%
Kissing
73%
playing
73%
porch
73%
side
73%
switched
73%
thinking
73%
trust
73%
wanna
73%
Yeah,
73%
broken
70%
crowds,
70%
days
70%
far
70%
front
70%
gym
70%
into
70%
last
70%
let's
70%
next
70%
Plus,
70%
skateboard
70%
stupid
70%
Those
70%
cobblestones
67%
dreamed
67%
dreamt
67%
intentions
67%
"James,
67%
Standing
67%
wings?
67%
figment
63%
finally
63%
found,
63%
nowhere
63%
patch
63%
pulled
63%
sinking
63%
turned
63%
Slept
60%
streetlight,
60%
weeks
60%
happens
57%
planned
57%
Stopped
57%
No matching quizzes found
Score Distribution
Percent of People with Each Score
Percentile by Number Answered
Your Score History
You have not taken this quiz